Geboren in Bamberg - Statistiken

Allgemein
  • Dieses Quiz wurde 71 mal gespielt
    19 seit der letzten Aktualisierung
  • Das Durchschnittsergebnis liegt bei 2 aus 7
Antwortstatistiken
Hinweis Antwort % Korrekt
Fernsehmoderator, "Wetten, dass...?" 1950 Thomas Gottschalk
94%
Basketballnationalspieler, Bamberg Baskets 1987 Karsten Tadda
38%
CSU-Politikerin und seit 2025 Bundesforschungsministerin 1978 Dorothee Bär
25%
Gründer von McFit und von 2007 bis 2010 Organisator der Loveparade, verunglückte 2022 bei einem Flugzeugabsturz vor der Küste Costa Ricas 1969 Rainer Schaller
6%
erste Fernsehansagerin des Bayrischen Rundfunks 1920 Annette von Aretin
0%
Schauspielerin, Franken-"Tatort" 1978 Eli Wasserscheid
0%
König im römisch-deutschen Reich 1094 Konrad III.
0%
Keine übereinstimmenden Quizze gefunden
Verteilung der Resultate
Anzahl Personen mit jedem Resultat
Perzentil nach korrekt beantworteten Fragen
Ihre Resultats-Entwicklung
Sie haben dieses Quiz seit der letzten Aktualisierung nicht gespielt